Normal view
MARC view
- Dr. Rafiq Muhammad Chaudary
Entry Personal Name
001 - CONTROL NUMBER
- control field: 28989
003 - CONTROL NUMBER IDENTIFIER
- control field: NUST
005 - DATE AND TIME OF LATEST TRANSACTION
- control field: 20200316093556.0
008 - FIXED-LENGTH DATA ELEMENTS
- fixed length control field: 200316|| aca||aabn | a|a d
040 ## - CATALOGING SOURCE
- Original cataloging agency: NUST
- Transcribing agency: NUST
100 ## - HEADING--PERSONAL NAME
- Personal name: Dr. Rafiq Muhammad Chaudary
670 ## - SOURCE DATA FOUND
- Source citation: Work cat.: (NUST): Nawaz, Safwan 28988, Study of performance and implications of lowest bidding bid awarding system in Pakistan /, 2013.
